000 01223nam0a2200337 4500
001 RU\NLR\bibl\474431
005 20250623191157.0
010 _a5-699-03740-3
_94000
021 _aRU
_b2003-60361
_92951
035 _a(NLR Aleph) 000467504
090 _a972657
_c972657
100 _a20031222d2003 |||y0rusy50 ca
101 1 _arus
102 _aRU
105 _aa |||||||||
200 1 _aАзиатская кухня
_eЗавораживающий вкус экзотики
_fСтивен Уилер
_g[Пер. О. Озеровой]
210 _aМ.
_cЭКСМО
_d2003
215 _a94, [1] с.
_cцв. ил.
_d29
225 1 _aКулинарная классика
300 _aНа обл. авт. не указан
320 _aУказ. в конце кн.
606 0 _aКулинарное производство
_xАзиатская кухня
_92221367
_3RU\NLR\auth\661333838
606 0 _aАзиатская кухня
_92221365
_3RU\NLR\auth\661333837
686 _aЛ997(3)Азиатская
700 1 _aУилер
_bС.
_gСтивен
_4070
801 0 _aRU
_bNLR
_c20031222
_gPSBO
801 1 _aRU
_bNLR
_c20031222
942 _cBOOK
980 _aNB